| 000 | 00605nam a22002417a 4500 | ||
|---|---|---|---|
| 003 | UA-OsUOA | ||
| 001 | 30615 | ||
| 007 | ta | ||
| 008 | 20041111b un ||||| |||| 00| 0 ukr d | ||
| 100 | _aКузнецов М. | ||
| 090 |
_a82.09(470+571) _bК89 |
||
| 942 | _cBK | ||
| 040 |
_aUA-OsUOA _brus _cUA-OsUOA _dUA-OsUOA |
||
| 245 | _aРоманы Константина Федина | ||
| 300 |
_a112 с. _bІлюстрації |
||
| 955 | _a0 | ||
| 041 | _arus | ||
| 080 | _a82.09(470+571) | ||
| 260 |
_aМосква _bХудож. лит. _c1973 |
||
| 044 | _aRU | ||
| 650 | 7 | _2UDC | |
| 999 |
_c317028 _d317028 |
||